1900 1464 1930 1226 1472 1998 1774 1201 1900 1791 1044 1426 1019 1553 1021 1828 1914 1883 1290 1839 1436 1570 1404 1749 1660 1104 1003 1783 1571 1564 1553 1513 1684 1310 1503 1737 1985 1149 1077 1693 1438 1441 1327 1466 1560 1491 1422 1580 1398 1079 1038 1841 1122 1413 1889 1936 1902 1769 1601 1128 1264 1273 1623 1792 1744 1923 1688 1806 1754 1008 1324 1970 1321 1455 1973 1083 1202 1924 1210 1846 1587 1736 1533 1083 1761 1929 1036 1310 1636 1280 1349 1846 1721 1376 1485 1885 1992 1346 1162 BCNSPRNW ULIB Ver.6.0+V

เปลี่ยนเป็นภาษาไทย

Change to English
 แสดงรายละเอียดบรรณานุกรม
  กลับหน้าหลัก

Brief Record : Get Marc (ISO 2709) : E-mail record : QR code < ปิดหน้าต่าง
LEADER : 00000nam 2200000uu 4500
001    13399121754
003     ULIB
008    121204s2555||||th 000 0 tha d
020    ^a978616000298
090    ^aนว.อ846ส
100    ^aอุมาริการ์
245    ^aสร้อยสะบันงา^cอุมาริการ์
260    ^aกรุงเทพฯ :^bพิมพ์คำ,^c2555
300    ^a502 หน้า
945    ^p280^l0^i033169
995    ^aเกษร
999    ^aใช้งานได้ทุกระบบ
รายการนี้ยังไม่มีแท็ก
คุณยังไม่ได้ล็อกอิน คุณสามารถมีกิจกรรมร่วมกับเว็บไซต์ได้ แต่ต้องล็อกอินก่อน ::
  ล็อกอิน

รายการสื่อสารสนเทศ

ลำดับที่ ประเภท เลขเรียก/บาร์โค้ด สถานที่ สถานะ
1. นวนิยาย
นวนิยาย
นว.อ846ส  
  Barcode: 033169
ห้องสมุดวิทยาเขตสวรรค์ประชารักษ์
►นวนิยาย
บนชั้น
  ขอยืม

รายการใกล้เคียง
    ผู้แต่ง [อุมาริการ์]

BibComment


ยังไม่เคยถูกคอมเมนท์

คอมเมนท์ทรัพยากรรายการนี้
  คอมเมนท์: สร้อยสะบันงา อุม..


 Copyright 2026. Bcnsprnw @Library